| 000 | 00370nam a2200157Ia 4500 | ||
|---|---|---|---|
| 008 | 230312s9999||||xx |||||||||||||| ||und|| | ||
| 020 | _a0-07-061788-9 | ||
| 082 |
_a621.381 _bPRA-N |
||
| 100 | _aPradeep;T | ||
| 245 | 0 | _aNANO: The Essentials | |
| 260 |
_bTata McGraw-Hill _aIndia _c2007 |
||
| 300 | _a444 | ||
| 546 | _aEng. | ||
| 650 |
_aEngineering _vNANO |
||
| 942 | _cBK | ||
| 999 |
_c6975 _d6975 |
||